Análisis de la nueva constitución política de la República de Guatemala
محفوظ في:
| مؤلف مشترك: | |
|---|---|
| التنسيق: | نص |
| منشور في: |
Guatemala:
Consejo Mundial de Iglesias
|
| الوسوم: |
إضافة وسم
لا توجد وسوم, كن أول من يضع وسما على هذه التسجيلة!
|
MARC
| LEADER | 00000 a a2200000 04500 | ||
|---|---|---|---|
| 001 | 21031 | ||
| 003 | |||
| 040 | |||
| 090 | |a 090700 | ||
| 110 | |a Comité Pro Justicia y Paz de Guatemala | ||
| 245 | |a Análisis de la nueva constitución política de la República de Guatemala | ||
| 260 | |a Guatemala: |b Consejo Mundial de Iglesias | ||
| 300 | |a 49 p. | ||
| 999 | |c 2251 |d 2251 | ||
